00487nam a2200109Ia 4500008004100000050002400041100003200065245013600097260008600233300002800319521003000347140724s9999 xx 000 0 und d aHD 57.7b.V786 2013 aVinluan, Ma Camille Anne F. aLeadership skills of managers and supervisors of the sales department of Robinsons Land Corporation /cMa. Camille Anne F. Vinluan. aLas Piñas, Philippines :bSouthville International School and Colleges,cc2013. a63 p. :bill. ;c28 cm. aHuman Resource Management